Světadíl zoufalství

Vznik a ciele Organizácie africkej jednoty (OAJ). Hospodársko-sociálne problémy afrického kontinentu. Chudoba v rozvojových krajinách.

Na minha lista:
Detalhes bibliográficos
Autor principal: Krejčí, Oskar
Formato: Capítulo de Livro
Idioma:tcheco
Assuntos:
Tags: Adicionar Tag
Sem tags, seja o primeiro a adicionar uma tag!

MARC

LEADER 00000naa a2200000 4500
001 r042380
005 20231004065608.2
041 0 |a cze 
044 |a CZ 
245 1 0 |a Světadíl zoufalství  |c Oskar Krejčí 
520 |a Vznik a ciele Organizácie africkej jednoty (OAJ). Hospodársko-sociálne problémy afrického kontinentu. Chudoba v rozvojových krajinách. 
610 2 0 |a Afrika 
610 2 0 |a úpadok hospodársky 
610 2 0 |a chudoba 
610 2 0 |a integrácia 
610 2 0 |a organizácie medzinárodné 
610 2 0 |a pomoc hospodárska 
610 2 0 |a pomoc medzinárodná 
610 2 0 |a pomoc rozvojová 
100 1 |a Krejčí, Oskar